000
00359nam a2200169Ia 4500
003
0100
008
130303s9999 xx 000 0 und d
040
_c
ARRUPELIB
050
_a
BT83.57.G991991
100
_a
Gutierrez, Gustavo
245
4
_a
The God of life
260
_a
London
260
_b
SCM Press
260
_C
1991
300
_a
214p
942
0
0
_0
1
999
_c
20112
_d
20112